Soldier And Spice (Record no. 334846)

MARC details
000 -LEADER
fixed length control field 00479nam a2200169Ia 4500
008 - FIXED-LENGTH DATA ELEMENTS--GENERAL INFORMATION
fixed length control field 230718s9999 xx 000 0 und d
020 ## - INTERNATIONAL STANDARD BOOK NUMBER
International Standard Book Number 9789383260027
041 ## - LANGUAGE CODE
Language code of text/sound track or separate title eng
082 ## - DEWEY DECIMAL CLASSIFICATION NUMBER
Classification number 355.12
Item number MAT
100 ## - MAIN ENTRY--PERSONAL NAME
Personal name Mathur K.A.
9 (RLIN) 195447
245 ## - TITLE STATEMENT
Title Soldier And Spice
Remainder of title An Army Wife's Life Flat - Track Bullies
260 ## - PUBLICATION, DISTRIBUTION, ETC. (IMPRINT)
Date of publication, distribution, etc. 2013
Name of publisher, distributor, etc. Westland
300 ## - PHYSICAL DESCRIPTION
Extent 253
365 ## - TRADE PRICE
Currency code Rs.
Price amount 250.00
700 ## - ADDED ENTRY--PERSONAL NAME
Personal name Mathur K.A.
9 (RLIN) 195447
906 ## - LOCAL DATA ELEMENT F, LDF (RLIN)
d O:0366421-Jan-2014B:423101-Oct-2013
c GENRL
b 55
Holdings
Withdrawn status Lost status Damaged status Not for loan Home library Current library Date acquired Vendor Budget Code Cost, normal purchase price Bill number Total Checkouts Full call number Barcode Date last seen Date last checked out Discount Cost, replacement price Bill Date Koha item type Original Barcode
        Cummins College of Engineering for Women Pune Cummins College of Engineering for Women Pune 21/01/2014 Technical Book Services GENRL 195.00 4231 3 355.12 CCEP-BK-46053 05/01/2026 10/12/2025 55 250.00 01/10/2013 Books 046053